Loading...
| Philosophy | 0 | 8 | 2 | 1 | 70 | 32 | 96.63 | 2 | 3 | 14.05 | 33.96 |
| Religion | 0 | 7 | 0 | 2 | 70 | 40 | 86.71 | 1 | 2 | 14.94 | 25.00 |
| Social Science | 0 | 5 | 0 | 0 | 50 | 72 | 99.40 | 0 | 2 | 6.48 | 16.85 |
| Fine Arts - Classical Music | 0 | 3 | 0 | 2 | 30 | 109 | 127.33 | 0 | 0 | 1.51 | 4.12 |
| Current Events | 0 | 2 | 0 | 0 | 20 | 49 | 53.50 | 1 | 2 | 12.17 | 19.17 |
| Science - Other | 0 | 2 | 0 | 0 | 20 | 64 | 81.00 | 0 | 1 | 4.33 | 9.82 |
| History - American | 0 | 1 | 0 | 0 | 10 | 123 | 123.00 | 0 | 0 | 0.32 | 2.94 |
| Mythology | 0 | 1 | 0 | 0 | 10 | 87 | 87.00 | 0 | 0 | 3.51 | 6.00 |
| Other Academic | 0 | 1 | 0 | 0 | 10 | 108 | 108.00 | 0 | 0 | 1.36 | 1.06 |
| Fine Arts - Painting & Sculpture | 0 | 1 | 0 | 0 | 10 | 137 | 137.00 | 0 | 1 | 0.00 | 4.41 |
| Fine Arts - Other | 0 | 3 | 4 | 0 | 10 | 62 | 114.00 | 1 | 1 | 3.49 | 12.71 |
| Science - Physics | 0 | 1 | 0 | 0 | 10 | 85 | 85.00 | 1 | 1 | 2.12 | 5.88 |
| History - World | 0 | 1 | 0 | 0 | 10 | 103 | 103.00 | 1 | 1 | 0.96 | 5.32 |
| Literature - American | 0 | 1 | 0 | 0 | 10 | 88 | 88.00 | 0 | 0 | 2.34 | 3.43 |
| Literature - British | 0 | 1 | 0 | 0 | 10 | 130 | 130.00 | 0 | 0 | 0.42 | 2.30 |
| Literature - European | 0 | 1 | 0 | 0 | 10 | 46 | 46.00 | 1 | 1 | 4.05 | 5.88 |
| Literature - World | 0 | 1 | 0 | 0 | 10 | 123 | 123.00 | 0 | 0 | 0.52 | 2.79 |
| Science - Chemistry | 0 | 1 | 1 | 0 | 5 | 102 | 102.00 | 0 | 1 | 1.30 | 5.39 |
| Science - Biology | 0 | 0 | 0 | 0 | 0 | 0.00 | 0 | 0 | 0.00 | 0.00 | |
| Geography | 0 | 0 | 1 | 0 | -5 | 0.00 | 0 | 0 | 0.00 | 0.00 | |
| History - Other | 0 | 0 | 2 | 0 | -10 | 0.00 | 0 | 0 | 0.00 | 0.00 | |
| History - European | 0 | 0 | 2 | 0 | -10 | 0.00 | 0 | 0 | 0.00 | 0.00 |